[Event "Niedersachsen-ch open"]
[Site "Verden"]
[Date "2010.01.04"]
[Round "3.76"]
[White "Kaphle, Kerstin"]
[Black "Asprion, Neal"]
[Result "1-0"]
[WhiteElo "1362"]
[BlackElo "772"]
[PlyCount "89"]
[EventDate "2010.01.03"]
[EventType "swiss"]
[EventRounds "7"]
[EventCountry "GER"]
[SourceTitle "EXT 2012"]
[Source "ChessBase"]
[SourceDate "2011.11.24"]
[SourceVersion "1"]
[SourceVersionDate "2011.11.24"]
[SourceQuality "1"]

1. e4 e5 2. Nf3 d6 3. d4 Nc6 4. Bb5 f6 5. c4 a6 6. Ba4 b5 7. cxb5 Nce7 8. Nc3 Ng6 9. 0-0 Be7 10. Nd5 Bd7 11. Qd3 Qb8 12. Nc3 Nh6 13. dxe5 dxe5 14. Rd1 Qd8 15. Qc4 Qc8 16. Bb3 Be6 17. Qxe6 Qxe6 18. Bxe6 a5 19. a4 Rc8 20. Bxc8 0-0 21. Be6+ Kh8 22. Bxh6 gxh6 23. Nd5 Rd8 24. Nxc7 Rxd1+ 25. Rxd1 Nf4 26. Nh4 Nxe6 27. Nxe6 Kg8 28. Nf5 Kf7 29. Nd8+ Ke8 30. Nc6 Bc5 31. Rd8+ Kf7 32. Nxh6+ Kg7 33. Nf5+ Kf7 34. Rd7+ Ke8 35. Rxh7 Kf8 36. Nxa5 Kg8 37. Rg7+ Kf8 38. Nb7 Bb4 39. a5 Ke8 40. b6 Bf8 41. Nbd6+ Bxd6 42. Nxd6+ Kf8 43. Rf7+ Kg8 44. b7 Kh8 45. b8R# 1-0